<?xml version="1.0" encoding="UTF-8"?>
<marc:record xmlns:marc="http://www.loc.gov/MARC21/slim">
   <marc:leader>00000nam a2200000 a 4500</marc:leader>
   <marc:datafield ind1="1" ind2=" " tag="100">
      <marc:subfield code="a">Spreitzer, Susanne</marc:subfield>
      <marc:subfield code="4">aut</marc:subfield>
      <marc:subfield code="e">Verfasser/-in</marc:subfield>
   </marc:datafield>
   <marc:datafield ind1=" " ind2=" " tag="653">
      <marc:subfield code="a">Sparen</marc:subfield>
   </marc:datafield>
   <marc:datafield ind1=" " ind2=" " tag="653">
      <marc:subfield code="a">Geld</marc:subfield>
   </marc:datafield>
   <marc:datafield ind1="0" ind2="0" tag="245">
      <marc:subfield code="a">Das Konsument-Sparbuch</marc:subfield>
   </marc:datafield>
   <marc:datafield ind1="0" ind2="0" tag="245">
      <marc:subfield code="b">über 300 konkrete Spar-Tipps für den Alltag ; unnötige Ausgaben vermeiden, Sparpotenziale erkennen ; von Autokauf bis Zahlungsverkehr</marc:subfield>
   </marc:datafield>
   <marc:datafield ind1="0" ind2="0" tag="245">
      <marc:subfield code="c">Spreitzer, Susanne</marc:subfield>
   </marc:datafield>
   <marc:datafield ind1=" " ind2="1" tag="264">
      <marc:subfield code="a">Wien</marc:subfield>
      <marc:subfield code="b">Verein für Konsumenteninformation VKI</marc:subfield>
      <marc:subfield code="c">2013</marc:subfield>
   </marc:datafield>
   <marc:datafield ind1="1" ind2=" " tag="490">
      <marc:subfield code="a">Konsument</marc:subfield>
   </marc:datafield>
   <marc:datafield ind1="1" ind2=" " tag="520">
      <marc:subfield code="a">Verlagstext:Unser Buch liefert Anregungen und Hinweise, die vielen Gelegenheiten zum Sparen zu erkennen und zu nutzen. Über 300 Sparempfehlungen haben unsere Experten für Sie zusammengetragen, basierend auf den Erfahrungen ihrer langjährigen Test- und Beratungstätigkeit.Quer durch alle Lebensbereiche zeigt unser Buch Möglichkeiten auf, das Haushaltsbudget auf einfachem Weg zu entlasten, und veranschaulicht, dass es keiner großen Entbehrungen bedarf, um am Monatsende mehr Geld zur Verfügung zu haben.</marc:subfield>
   </marc:datafield>
   <marc:datafield ind1=" " ind2=" " tag="041">
      <marc:subfield code="a">ger</marc:subfield>
   </marc:datafield>
   <marc:datafield ind1=" " ind2=" " tag="338">
      <marc:subfield code="a">Band</marc:subfield>
   </marc:datafield>
   <marc:datafield ind1=" " ind2=" " tag="300">
      <marc:subfield code="a">117 S.</marc:subfield>
   </marc:datafield>
</marc:record>
